000
00300nam a2200109 a 4500
005
20201002061802.0
008
190807s2004 000 spa d
100
_a
Steele, Pablo
_9
50920
245
0
_a
100 Pasos hacia una cooperativa de crédito.
260
_a
Santo Domingo,
_c
[s.f.].
999
_c
48753
_d
48753
040
_a
DO-SdBNP